Faculty of Law Library — Cairo University

Official Online Catalog

Diplomacy In The Near And Middle East : (Record no. 57916)

MARC details
000 -LEADER
fixed length control field 01182nam a2200349 i 4500
003 - CONTROL NUMBER IDENTIFIER
control field EG-GICUC
005 - DATE AND TIME OF LATEST TRANSACTION
control field 20260121101742.0
008 - FIXED-LENGTH DATA ELEMENTS--GENERAL INFORMATION
fixed length control field 260119s1956 us ||||fr|||| 001 0 eng d
040 ## - CATALOGING SOURCE
Original cataloging agency EG-GiCUC
Language of cataloging eng
Transcribing agency EG-GiCUC
Modifying agency EG-GiCUC
Description conventions rda
041 ## - LANGUAGE CODE
Language code of text/sound track or separate title eng
082 04 - DEWEY DECIMAL CLASSIFICATION NUMBER
Edition number 21
Classification number 341.33
Item number HU . D
092 04 - LOCALLY ASSIGNED DEWEY CALL NUMBER (OCLC)
Edition number 21
099 ## - LOCAL FREE-TEXT CALL NUMBER (OCLC)
Classification number Law1 11 341.33 HU . D 1956
100 1# - MAIN ENTRY--PERSONAL NAME
Personal name Hurewitz, J. C.
Relator term Author.
245 10 - TITLE STATEMENT
Title Diplomacy In The Near And Middle East :
Remainder of title A Documentary Record: 1535-1914.
Number of part/section of a work Volume I /
Statement of responsibility, etc. By J. C. Hurewitz.
246 1# - VARYING FORM OF TITLE
Title proper/short title Annuaire Africain De Droit International
264 #1 - PRODUCTION, PUBLICATION, DISTRIBUTION, MANUFACTURE, AND COPYRIGHT NOTICE
Place of production, publication, distribution, manufacture New York :
Name of producer, publisher, distributor, manufacturer D. Van Nostrand Company, Inc,
Date of production, publication, distribution, manufacture, or copyright notice 1956.
300 ## - PHYSICAL DESCRIPTION
Extent 291 pages,
Dimensions 24 cm
Other physical details illustrations,
336 ## - CONTENT TYPE
Source rda content
Content type term text
337 ## - MEDIA TYPE
Source rda media
Media type term Computer
338 ## - CARRIER TYPE
Source rda carrier
Carrier type term Online Resource
500 ## - GENERAL NOTE
General note Includes index.<br/>
504 ## - BIBLIOGRAPHY, ETC. NOTE
Bibliography, etc. note Bibliography: pages 200-250.
546 ## - LANGUAGE NOTE
Language note Text in English
650 14 - SUBJECT ADDED ENTRY--TOPICAL TERM
Topical term or geographic name entry element Diplomacy
Source of heading or term qrmak
General subdivision Middle East
650 14 - SUBJECT ADDED ENTRY--TOPICAL TERM
Topical term or geographic name entry element Public international law
Source of heading or term qrmak
650 14 - SUBJECT ADDED ENTRY--TOPICAL TERM
Topical term or geographic name entry element Middle East
General subdivision Foreign relations
651 1# - SUBJECT ADDED ENTRY--GEOGRAPHIC NAME
Source of heading or term qrmak
856 40 - ELECTRONIC LOCATION AND ACCESS
Uniform Resource Identifier <a href="https://fll.law.cu.edu.eg/fulltext/bks/B11-06540.pdf">https://fll.law.cu.edu.eg/fulltext/bks/B11-06540.pdf</a>
905 ## - Cataloger and Reviser Names
Cataloger Name: Hager Mohamed
942 ## - ADDED ENTRY ELEMENTS (KOHA)
Source of classification or shelving scheme Dewey Decimal Classification
Koha item type Books
Edition 21
Suppress in OPAC No
Holdings
Withdrawn status Lost status Source of classification or shelving scheme Materials specified (bound volume or other part) Damaged status Not for loan Collection Home library Current library Date acquired Total checkouts Full call number Barcode Date last seen Copy number Price effective from Koha item type
    Dewey Decimal Classification V1   Not for loan القانون الدولي العام جــــامعة القــاهرة مكتبة كلية الحقوق - المبنى الرئيسي 19.01.2026   Law1 11 341.33 HU . D 1956 1106540 V1, C1 B11-06540 19.01.2026 C1 19.01.2026 Books

© All rights reserved — Faculty of Law, Cairo University